000 01003nam a2200241 a 4500
003 BD-DhJNU
005 20260114053851.0
008 251108s2019 bg |||g |||| 000 1|ben|d
020 _a9844152011
040 _aBD-DhJNU
_bben
_cBD-DhJNU
_dBD-DhJNU
041 _aben
082 _a170 BHS
_223
100 _aভুঁইয়া, আনোয়ারুল্লাহ
245 1 0 _aসমকালীন নীতিবিদ্যা /
_cআনোয়ারুল্লাহ ভুঁইয়া
246 _aSomokalin Nitibidya
250 _a1st ed.
260 _aঢাকা :
_bঅবসর প্রকাশনা সংস্থা,
_c2019.
300 _a২২৩ পৃ. :
_bচিত্র ;
_c২২ সেমি.।
504 _aগ্রন্থপঞ্জিগত নির্দেশিকা ও নিঘন্ট অন্তভূক্ত
650 _aসমকালীন নীতিবিদ্যা
650 _aContemporary ethics
942 _cBK
999 _c2529
_d2529